[Event "Banff op"]
[Site "Banff"]
[Date "2022.11.12"]
[Round "3"]
[White "Landre, Geraldo Barbosa"]
[Black "Dorn, Paris"]
[Result "1-0"]
[WhiteElo "1777"]
[BlackElo "1908"]
[PlyCount "65"]
[EventDate "2022.11.11"]
[EventType "swiss"]
[EventRounds "6"]
[EventCountry "CAN"]
[SourceTitle "CBM 211 Extra"]
[Source "ChessBase"]
[SourceDate "2023.01.31"]
[SourceVersion "1"]
[SourceVersionDate "2023.01.31"]
[SourceQuality "1"]

1. d4 Nf6 2. Nf3 d5 3. c4 e6 4. cxd5 exd5 5. Nc3 c6 6. Bg5 Be7 7. Bxf6 Bxf6 8. e3 0-0 9. b4 Re8 10. Qb3 Be6 11. Be2 Nd7 12. 0-0 Rc8 13. Rfc1 g6 14. a4 Kg7 15. Ne1 b6 16. Ba6 Rb8 17. Qa3 c5 18. Nb5 cxd4 19. Nxd4 Bxd4 20. exd4 Nf6 21. Nf3 Ne4 22. Ne5 Qf6 23. Qe3 Bc8 24. Bb5 Rf8 25. Rc7 a6 26. Bd7 Qd6 27. Rac1 Bb7 28. Bh3 Nf6 29. b5 axb5 30. axb5 Qb4 31. g3 Qxb5 32. Nxf7 Qe8 33. Nd6+ 1-0

[Event "Florianopolis op 8th"]
[Site "Florianopolis"]
[Date "2022.01.28"]
[Round "7"]
[White "Landre, Geraldo Barbosa"]
[Black "Fischer, Ivo Lucio"]
[Result "1-0"]
[WhiteElo "1817"]
[BlackElo "2004"]
[PlyCount "83"]
[EventDate "2022.01.24"]
[EventType "swiss"]
[EventRounds "10"]
[EventCountry "BRA"]
[SourceTitle "CBM 206 Extra"]
[Source "ChessBase"]
[SourceDate "2022.03.31"]
[SourceVersion "1"]
[SourceVersionDate "2022.03.31"]
[SourceQuality "1"]

1. d4 Nf6 2. c4 g6 3. Nc3 d5 4. Nf3 Bg7 5. Bg5 Ne4 6. cxd5 Nxg5 7. Nxg5 e6 8. Nf3 exd5 9. b4 0-0 10. e3 Bf5 11. Be2 c6 12. 0-0 Qd6 13. Qb3 Nd7 14. b5 Rfc8 15. Rac1 Bf8 16. Rfd1 Qa3 17. Na4 cxb5 18. Rxc8 Rxc8 19. Bxb5 Nf6 20. Ne1 Qxb3 21. axb3 Bb4 22. Nd3 Bxd3 23. Bxd3 a6 24. Ra1 Rc6 25. Kf1 b5 26. Nc5 Bxc5 27. dxc5 Kf8 28. Ke1 Ke7 29. h3 Nd7 30. b4 Ne5 31. Kd2 h6 32. Kc3 f5 33. Bf1 Ke6 34. g3 Nd7 35. Bg2 Nf6 36. Kd4 g5 37. Ra2 f4 38. g4 fxe3 39. fxe3 Ke7 40. Bxd5 Rc7 41. Rxa6 h5 42. Re6+ 1-0

[Event "Florianopolis op 8th"]
[Site "Florianopolis"]
[Date "2022.01.25"]
[Round "2"]
[White "Lage, Pedro Ferreira"]
[Black "Landre, Geraldo Barbosa"]
[Result "1-0"]
[WhiteElo "2112"]
[BlackElo "1817"]
[PlyCount "85"]
[EventDate "2022.01.24"]
[EventType "swiss"]
[EventRounds "10"]
[EventCountry "BRA"]
[SourceTitle "CBM 206 Extra"]
[Source "ChessBase"]
[SourceDate "2022.03.31"]
[SourceVersion "1"]
[SourceVersionDate "2022.03.31"]
[SourceQuality "1"]

1. Nf3 Nf6 2. c4 e6 3. g3 d5 4. d4 Bb4+ 5. Nbd2 0-0 6. Bg2 b6 7. 0-0 Bb7 8. Ne5 Bxd2 9. Bxd2 Nbd7 10. Nxd7 Qxd7 11. Rc1 a5 12. Qc2 Ne4 13. cxd5 Nxd2 14. dxe6 Qxe6 15. Bxb7 Nxf1 16. Bxa8 Nxg3 17. hxg3 Rxa8 18. Qxc7 Re8 19. e3 h5 20. Qc6 Kf8 21. Qxe6 Rxe6 22. Rc2 Rd6 23. Kf1 g5 24. Ke2 h4 25. gxh4 gxh4 26. Rc1 Ke7 27. Rh1 Rc6 28. Kd3 Rh6 29. Ke4 f5+ 30. Ke5 Rh5 31. Rh3 Kf7 32. Kf4 Kf6 33. f3 a4 34. d5 Rh8 35. e4 fxe4 36. fxe4 Rh5 37. Kg4 Re5 38. Re3 Rg5+ 39. Kxh4 Rg2 40. e5+ Ke7 41. d6+ Ke6 42. Rd3 Kd7 43. e6+ 1-0

[Event "Campo Grande Brasil op"]
[Site "Campo Grande"]
[Date "2015.10.12"]
[Round "7"]
[White "Zenyei Nacao, Eduardo"]
[Black "Landre, Geraldo Barbosa"]
[Result "0-1"]
[WhiteElo "1872"]
[BlackElo "1901"]
[PlyCount "96"]
[EventDate "2015.10.09"]
[EventType "swiss"]
[EventRounds "7"]
[EventCountry "BRA"]
[SourceTitle "CBM 168 Extra"]
[Source "ChessBase"]
[SourceDate "2015.10.29"]
[SourceVersion "1"]
[SourceVersionDate "2015.10.29"]
[SourceQuality "1"]

1. e4 e6 2. d4 d5 3. Nc3 Bb4 4. e5 c5 5. Qg4 Ne7 6. Qxg7 Rg8 7. Qxh7 cxd4 8. a3 Bxc3+ 9. bxc3 Qc7 10. Ne2 Nbc6 11. f4 Bd7 12. g3 dxc3 13. Be3 Qa5 14. Bg2 0-0-0 15. Kf2 Nf5 16. Qh5 Nxe3 17. Kxe3 Rh8 18. Qxf7 Qc5+ 19. Kf3 Nxe5+ 20. fxe5 Rdf8 21. Qxf8+ Rxf8+ 22. Nf4 Qd4 23. Rae1 Bc6 24. h4 Qc5 25. Ke2 Bb5+ 26. Kf3 d4 27. Kg4 Qe7 28. h5 Qf7 29. Be4 Qg8+ 30. Ng6 Bc6 31. Kh4 Rf7 32. Rhf1 Bxe4 33. Rxf7 Qxf7 34. Rxe4 Qf2 35. h6 Qxc2 36. Kg5 Qxe4 37. h7 Qe3+ 38. Kf6 Qh6 39. h8Q+ Qxh8+ 40. Nxh8 c2 41. Kxe6 c1Q 42. Nf7 Qxa3 43. Nd6+ Qxd6+ 44. exd6 Kd8 45. g4 d3 46. g5 d2 47. g6 d1Q 48. g7 Qb3+ 0-1

[Event "Campo Grande op"]
[Site "Campo Grande"]
[Date "2013.10.12"]
[Round "3"]
[White "Landre, Geraldo Barbosa"]
[Black "De Abreu, Vitor Lourenco Marc"]
[Result "1-0"]
[WhiteElo "1845"]
[BlackElo "1708"]
[PlyCount "31"]
[EventDate "2013.10.11"]
[EventType "swiss"]
[EventRounds "5"]
[EventCountry "BRA"]
[SourceTitle "EXT 2014"]
[Source "ChessBase"]
[SourceDate "2013.11.20"]
[SourceVersion "1"]
[SourceVersionDate "2013.11.20"]
[SourceQuality "1"]

1. d4 d5 2. c4 c6 3. e3 Nf6 4. Nc3 Bf5 5. Nf3 e6 6. Bd3 Be4 7. 0-0 Be7 8. Ne5 Nbd7 9. cxd5 cxd5 10. Bb5 0-0 11. Nxe4 dxe4 12. f4 a6 13. Be2 Rc8 14. Bd2 Nd5 15. Bg4 f6 16. Bxe6+ 1-0

[Event "Campo Grande op"]
[Site "Campo Grande"]
[Date "2013.10.12"]
[Round "4"]
[White "Moreno, Leonardo Nunes"]
[Black "Landre, Geraldo Barbosa"]
[Result "1-0"]
[WhiteElo "1770"]
[BlackElo "1845"]
[PlyCount "102"]
[EventDate "2013.10.11"]
[EventType "swiss"]
[EventRounds "5"]
[EventCountry "BRA"]
[SourceTitle "EXT 2014"]
[Source "ChessBase"]
[SourceDate "2013.11.20"]
[SourceVersion "1"]
[SourceVersionDate "2013.11.20"]
[SourceQuality "1"]

1. Nc3 e6 2. e4 d5 3. d4 Nf6 4. e5 Nfd7 5. Nf3 c5 6. Be3 Nc6 7. Bb5 cxd4 8. Bxd4 Nxd4 9. Qxd4 a6 10. Bd3 Nc5 11. 0-0 Nxd3 12. cxd3 Be7 13. Qg4 0-0 14. d4 f6 15. Rac1 Qe8 16. Rc2 Qg6 17. Qxg6 hxg6 18. Rfc1 b5 19. Ne2 Bd7 20. Rc7 Rfd8 21. Rb7 Kf8 22. Rcc7 Ke8 23. Kf1 Rac8 24. Ke1 Rxc7 25. Rxc7 Rc8 26. Rxc8+ Bxc8 27. Kd2 Bd8 28. Kc3 a5 29. b4 Ba6 30. a3 Bb6 31. Nf4 Kf7 32. Nd3 Bc8 33. Nc5 g5 34. Nd2 fxe5 35. dxe5 a4 36. Kd4 Kg6 37. g4 Bd8 38. Nb1 Bb6 39. Nc3 Bd7 40. f3 Kf7 41. Kd3 Be8 42. Nb7 Bc7 43. Nd6+ Bxd6 44. exd6 Bd7 45. Kd4 Ke8 46. Kc5 Kd8 47. Nxb5 Bxb5 48. Kxb5 Kc8 49. Kc5 g6 50. b5 Kd7 51. b6 Kc8 1-0